| 000 | 00808nam a2200193 a 4500 | ||
|---|---|---|---|
| 003 | PILC | ||
| 005 | 20250123135208.0 | ||
| 008 | 061017s1962 xx 00 eng d | ||
| 010 | _aAcc#10563 | ||
| 040 | _cPhilippine Baptist Theological Seminary | ||
| 050 |
_aBV 4395 _bD435 1962 |
||
| 100 | 1 | 0 | _aDenton, Wallace |
| 245 | 1 | 0 |
_aThe role of the minister's wife / _cby Wallace Denton. |
| 260 | 0 |
_aPhiladelphia, PA : _bThe Westminster Press, _cc1962. |
|
| 300 | _a175 p. ; 21 cm. | ||
| 505 | _aA historical look at the minister's wife -- A contemporary look at the minister's wife -- Role attitudes toward her husband's work -- Role attitudes toward her family life -- Role attitudes toward her church and community -- Considerations for further thought -- | ||
| 650 | _aSPOUSES OF CLERGY | ||
| 942 |
_cCB _2lcc |
||
| 999 |
_c3859 _d3859 |
||